| 000 | 00665nam a2200241Ia 4500 | ||
|---|---|---|---|
| 003 | OSt | ||
| 005 | 20220925214822.0 | ||
| 006 | a|||||r|||| 00| 0 | ||
| 007 | ta | ||
| 008 | 220923b |||||||| |||| 00| 0 eng d | ||
| 020 | _a0 04 330190 8 | ||
| 037 | _cGeneral Book | ||
| 040 |
_aRTL _cRTL _beng |
||
| 041 |
_2eng _aeng |
||
| 082 | _aX:54z7, L1 | ||
| 100 |
_aRamaswami V K _9277129 |
||
| 245 | 0 |
_aTrade and development _b Essays in economics Ed by |
|
| 260 |
_aLondon _bGeorge Allen and Uniwin _c1971 |
||
| 300 |
_axii, 178p. _ccm. |
||
| 650 | _aExport | ||
| 942 |
_hX:54z7, L1 _cGB _2CC |
||
| 999 |
_c566811 _d566811 |
||